[Event "Sochi Amateur op 6th"]
[Site "Sochi"]
[Date "2019.04.12"]
[Round "8"]
[White "Oganyan, Arsen"]
[Black "Esipenko, Aleksandr"]
[Result "1/2-1/2"]
[WhiteElo "2220"]
[BlackElo "2026"]
[PlyCount "73"]
[EventDate "2019.04.07"]
[EventType "swiss"]
[EventRounds "9"]
[EventCountry "RUS"]
[SourceTitle "CBM 189 Extra"]
[Source "ChessBase"]
[SourceDate "2019.06.03"]
[SourceVersion "1"]
[SourceVersionDate "2019.06.03"]
[SourceQuality "1"]

1. d4 d5 2. c4 e6 3. Nf3 Nf6 4. g3 b6 5. Bg2 Bb7 6. 0-0 Bd6 7. Nc3 0-0 8. Nd2 Qc8 9. e4 dxe4 10. Ndxe4 Nxe4 11. Nxe4 Nd7 12. b3 Be7 13. Bb2 Nf6 14. d5 Nxe4 15. Bxe4 exd5 16. cxd5 f5 17. Bg2 Bf6 18. Bxf6 Rxf6 19. Re1 f4 20. Re7 Qd8 21. Re6 Rf7 22. Qd3 Qf8 23. Be4 g6 24. d6 Bxe4 25. Qxe4 cxd6 26. Rd1 Rd8 27. Qd5 fxg3 28. hxg3 Kh8 29. Qd4+ Qg7 30. Rxd6 Qxd4 31. R1xd4 Rc8 32. Rd7 Rc7 33. Rxf7 Rxf7 34. a4 Kg7 35. Rd6 Rf6 36. Rd7+ Rf7 37. Rd6 1/2-1/2

[Event "Sochi Amateur op 6th"]
[Site "Sochi"]
[Date "2019.04.10"]
[Round "5"]
[White "Zakaryan, David"]
[Black "Oganyan, Arsen"]
[Result "1-0"]
[WhiteElo "2352"]
[BlackElo "2220"]
[PlyCount "89"]
[EventDate "2019.04.07"]
[EventType "swiss"]
[EventRounds "9"]
[EventCountry "RUS"]
[SourceTitle "CBM 189 Extra"]
[Source "ChessBase"]
[SourceDate "2019.06.03"]
[SourceVersion "1"]
[SourceVersionDate "2019.06.03"]
[SourceQuality "1"]

1. Nf3 Nf6 2. c4 e6 3. Nc3 Bb4 4. Qc2 0-0 5. a3 Bxc3 6. Qxc3 b6 7. b4 d6 8. g3 Bb7 9. Bb2 Nbd7 10. Bg2 Ne5 11. 0-0 Nxf3+ 12. Bxf3 Bxf3 13. Qxf3 e5 14. d4 e4 15. Qf4 d5 16. Rac1 Re8 17. c5 b5 18. c6 Re6 19. Rc5 Rb8 20. Rfc1 Rd6 21. R1c3 Qe8 22. Qe5 Qc8 23. Bc1 Qh3 24. Qg5 h6 25. Qh4 Qxh4 26. gxh4 Nh5 27. f3 f5 28. Bd2 a6 29. Kf2 Kf7 30. Ke1 Re8 31. Kd1 f4 32. a4 e3 33. Be1 Rb8 34. axb5 Rxb5 35. Rc2 Rb6 36. Kc1 Ke6 37. Kb2 g6 38. b5 Rxb5+ 39. Rxb5 axb5 40. Ba5 Rd8 41. Bxc7 Rc8 42. Be5 g5 43. c7 Kd7 44. Rc5 Ke6 45. Rc6+ 1-0

[Event "Sochi Amateur op 6th"]
[Site "Sochi"]
[Date "2019.04.09"]
[Round "4"]
[White "Oganian, Miran"]
[Black "Oganyan, Arsen"]
[Result "1/2-1/2"]
[WhiteElo "2411"]
[BlackElo "2220"]
[PlyCount "24"]
[EventDate "2019.04.07"]
[EventType "swiss"]
[EventRounds "9"]
[EventCountry "RUS"]
[SourceTitle "CBM 189 Extra"]
[Source "ChessBase"]
[SourceDate "2019.06.03"]
[SourceVersion "1"]
[SourceVersionDate "2019.06.03"]
[SourceQuality "1"]

1. d4 d5 2. c4 e6 3. Nf3 Nf6 4. g3 dxc4 5. Bg2 Be7 6. 0-0 0-0 7. Qc2 a6 8. Qxc4 b5 9. Qc2 Bb7 10. Bd2 Be4 11. Qc1 Bb7 12. Qc2 Be4 1/2-1/2

[Event "Sochi Amateur op 6th"]
[Site "Sochi"]
[Date "2019.04.08"]
[Round "3"]
[White "Oganyan, Arsen"]
[Black "Egorov, Evgeni"]
[Result "1-0"]
[WhiteElo "2220"]
[BlackElo "2356"]
[PlyCount "79"]
[EventDate "2019.04.07"]
[EventType "swiss"]
[EventRounds "9"]
[EventCountry "RUS"]
[SourceTitle "CBM 189 Extra"]
[Source "ChessBase"]
[SourceDate "2019.06.03"]
[SourceVersion "1"]
[SourceVersionDate "2019.06.03"]
[SourceQuality "1"]

1. d4 d5 2. c4 c6 3. Nf3 Nf6 4. Qc2 dxc4 5. Qxc4 Bg4 6. Ne5 Bh5 7. h3 Nbd7 8. g4 Bg6 9. Nxg6 hxg6 10. Bg2 e5 11. dxe5 Nxe5 12. Qb3 Bc5 13. Be3 Qa5+ 14. Nd2 0-0-0 15. Bxc5 Qxc5 16. Qc3 Rhe8 17. Qxc5 Nd3+ 18. Kf1 Nxc5 19. Nc4 Kc7 20. Bf3 Nd5 21. e3 b5 22. Na3 Nxe3+ 23. fxe3 Rd2 24. Re1 b4 25. Nc4 Rc2 26. Na5 Rd8 27. Re2 Rd1+ 28. Kf2 Nd3+ 29. Kg3 Rxh1 30. Rxc2 Rg1+ 31. Bg2 c5 32. Kh2 Ra1 33. b3 Rc1 34. Rd2 Ne5 35. Rd5 f6 36. Nc4 Nxc4 37. Rxc5+ Kb6 38. Rc6+ Kb5 39. Rxc4 Rxc4 40. Bf1 1-0

[Event "RUS-ch rapid"]
[Site "Sochi"]
[Date "2017.09.30"]
[Round "1"]
[White "Sjugirov, Sanan"]
[Black "Oganyan, Arsen"]
[Result "1/2-1/2"]
[WhiteElo "2650"]
[BlackElo "2282"]
[PlyCount "101"]
[EventDate "2017.09.30"]
[EventType "swiss (rapid)"]
[EventRounds "11"]
[EventCountry "RUS"]
[SourceTitle "EXT 2018"]
[Source "ChessBase"]
[SourceDate "2017.10.13"]
[SourceVersion "1"]
[SourceVersionDate "2017.10.13"]
[SourceQuality "1"]

1. d4 Nf6 2. c4 e6 3. Nf3 b6 4. g3 Ba6 5. b3 Bb4+ 6. Bd2 Be7 7. Bg2 c6 8. Bc3 d5 9. Nbd2 0-0 10. Qc2 Nbd7 11. 0-0 Rc8 12. e4 c5 13. exd5 exd5 14. Rfe1 Re8 15. Rad1 Bf8 16. Rxe8 Qxe8 17. cxd5 Nxd5 18. Ng5 N5f6 19. d5 h6 20. Nh3 Bd6 21. Nc4 Bxc4 22. bxc4 Qd8 23. Nf4 Qc7 24. Ne2 Re8 25. Bb2 a6 26. Nc3 Ne5 27. Qa4 Qc8 28. h3 Qf5 29. Ne4 Rd8 30. Nxf6+ gxf6 31. Qb3 Bc7 32. f4 Ng6 33. Qc3 Rd6 34. Re1 Kg7 35. a4 h5 36. h4 Bd8 37. Kh2 Qd7 38. Bh3 Qxa4 39. Ra1 Qe8 40. Rxa6 Qe2+ 41. Bg2 Ne7 42. Ra8 Ng8 43. Kg1 b5 44. Bf1 Qd1 45. Qd3 Qg4 46. Be2 Qd7 47. cxb5 Rxd5 48. Qf3 c4 49. Kg2 Nh6 50. Bc3 Ng4 51. Bxc4 1/2-1/2

[Event "RUS-ch blitz"]
[Site "Sochi"]
[Date "2016.10.04"]
[Round "2.6"]
[White "Andreikin, Dmitry"]
[Black "Oganyan, Arsen"]
[Result "1-0"]
[WhiteElo "2736"]
[BlackElo "2282"]
[PlyCount "44"]
[EventDate "2016.10.04"]
[EventType "swiss (blitz)"]
[EventRounds "22"]
[EventCountry "RUS"]
[SourceTitle "EXT 2017"]
[Source "ChessBase"]
[SourceDate "2016.10.25"]
[SourceVersion "1"]
[SourceVersionDate "2016.10.25"]
[SourceQuality "1"]

1. e4 c5 2. Nf3 Nc6 3. Bb5 g6 4. c3 Bg7 5. d4 cxd4 6. cxd4 d5 7. exd5 a6 8. Ba4 Qxd5 9. Nc3 Qa5 10. 0-0 Bd7 11. d5 Ne5 12. Bb3 Bg4 13. Re1 Nxf3+ 14. gxf3 Bd7 15. Bf4 Nf6 16. Bd6 0-0 17. Bxe7 Rfe8 18. Qd2 Rxe7 19. Rxe7 Qb4 20. d6 Qh4 21. Rxf7 Kh8 22. Re1 Bc6 1-0

[Event "Doroshkevich Memorial op"]
[Site "Sochi"]
[Date "2012.12.01"]
[Round "6"]
[White "Bogachkov, Vladislav"]
[Black "Oganyan, Arsen"]
[Result "0-1"]
[WhiteElo "2082"]
[BlackElo "2261"]
[PlyCount "160"]
[EventDate "2012.11.26"]
[EventType "swiss"]
[EventRounds "9"]
[EventCountry "RUS"]
[SourceTitle "EXT 2014"]
[Source "ChessBase"]
[SourceDate "2013.11.20"]
[SourceVersion "1"]
[SourceVersionDate "2013.11.20"]
[SourceQuality "1"]

1. d4 Nf6 2. Nf3 e6 3. Bf4 c5 4. e3 Be7 5. Bd3 Nh5 6. Bg3 d6 7. dxc5 Qa5+ 8. Nfd2 Nxg3 9. hxg3 Qxc5 10. Rh5 f5 11. Nc3 Nd7 12. Bb5 g6 13. Nb3 Qb6 14. Rh1 0-0 15. Qd4 Qxd4 16. Nxd4 Ne5 17. 0-0-0 a6 18. Ba4 d5 19. Nce2 Ng4 20. Rhf1 Kf7 21. Kb1 b5 22. Bb3 Bd7 23. Nf4 Rab8 24. Nd3 a5 25. c3 Rfc8 26. Rc1 Bd6 27. a3 h6 28. Ka1 Be8 29. Kb1 Nf6 30. Nf3 Ne4 31. Rc2 Kf6 32. Rh1 h5 33. Rhc1 Rc7 34. Nd2 Ra7 35. Nxe4+ fxe4 36. Nf4 Bd7 37. Rd2 Be5 38. Ne2 Raa8 39. Nd4 Rh8 40. Rh1 g5 41. Bd1 Kg6 42. Be2 Rab8 43. g4 h4 44. f3 exf3 45. Bxf3 b4 46. axb4 axb4 47. Rc1 Rhc8 48. cxb4 Rxc1+ 49. Kxc1 Rxb4 50. Bd1 Bg3 51. Bc2+ Kf6 52. Bd3 Ba4 53. Bc2 Bd7 54. Bb1 Ke7 55. Bd3 Be5 56. Be2 Rb8 57. Bf3 Ba4 58. Bd1 Rc8+ 59. Kb1 Be8 60. Bc2 Kd6 61. Bd3 Rb8 62. Bc2 Rb4 63. Kc1 Bd7 64. Bb1 Bc8 65. Bc2 Ba6 66. Bd3 Bb7 67. Bc2 Bc8 68. Bb1 Bxd4 69. Rxd4 Rxd4 70. exd4 e5 71. dxe5+ Kxe5 72. Kd2 Bxg4 73. Bd3 Kf4 74. Bf1 Kg3 75. Ke1 Bd7 76. b4 g4 77. b5 Bxb5 78. Bxb5 Kxg2 79. Bc6 Kg3 80. Bxd5 Kh2 0-1

[Event "Doroshkevich Memorial op"]
[Site "Sochi"]
[Date "2012.11.29"]
[Round "4"]
[White "Oganyan, Arsen"]
[Black "Zakaryan, David"]
[Result "1/2-1/2"]
[WhiteElo "2261"]
[BlackElo "2122"]
[PlyCount "126"]
[EventDate "2012.11.26"]
[EventType "swiss"]
[EventRounds "9"]
[EventCountry "RUS"]
[SourceTitle "EXT 2014"]
[Source "ChessBase"]
[SourceDate "2013.11.20"]
[SourceVersion "1"]
[SourceVersionDate "2013.11.20"]
[SourceQuality "1"]

1. d4 Nf6 2. Nf3 e6 3. Bg5 d6 4. Nc3 h6 5. Bh4 g5 6. Bg3 Nh5 7. e4 Bg7 8. Bc4 b6 9. Qd3 Bb7 10. 0-0-0 Nxg3 11. hxg3 Nd7 12. Kb1 Qe7 13. Ba6 0-0-0 14. Qb5 Nb8 15. Bxb7+ Kxb7 16. Rd3 c5 17. d5 Bxc3 18. Rxc3 exd5 19. exd5 Rde8 20. Re3 Qd7 21. Qxd7+ Nxd7 22. Rhe1 Rxe3 23. Rxe3 Kc8 24. Re7 Rf8 25. c4 Kd8 26. Re1 Nf6 27. Rh1 Ng4 28. Nd2 Nxf2 29. Rxh6 Ke7 30. Kc2 f6 31. Rh5 a6 32. b3 Rf7 33. Nf1 Ng4 34. Kd2 Rf8 35. Ne3 Nxe3 36. Kxe3 f5 37. Rxg5 Kf6 38. Kf4 Re8 39. Rxf5+ Kg6 40. Kg4 Re2 41. Rf8 Rxa2 42. Rd8 b5 43. Rxd6+ Kf7 44. Rc6 Rb2 45. cxb5 axb5 46. Kf5 Ke7 47. Ke5 Kd7 48. Rxc5 Rxb3 49. g4 Rb2 50. g5 Rxg2 51. Kf6 b4 52. Rb5 Rb2 53. g6 Rf2+ 54. Kg7 Rb2 55. Rb7+ Kd6 56. Kf8 Rf2+ 57. Rf7 Rg2 58. g7 Kxd5 59. Rb7 Kc4 60. g8Q+ Rxg8+ 61. Kxg8 b3 62. Kf7 Kc3 63. Ke6 b2 1/2-1/2

[Event "Krasnodar Region-ch"]
[Site "Krasnodar"]
[Date "2012.10.03"]
[Round "2"]
[White "Oganyan, Arsen"]
[Black "Gridnev, Yury"]
[Result "1-0"]
[WhiteElo "2260"]
[BlackElo "1983"]
[PlyCount "127"]
[EventDate "2012.10.02"]
[EventType "swiss"]
[EventRounds "9"]
[EventCountry "RUS"]
[SourceTitle "EXT 2013"]
[Source "ChessBase"]
[SourceDate "2012.11.22"]
[SourceVersion "1"]
[SourceVersionDate "2012.11.22"]
[SourceQuality "1"]

1. d4 Nf6 2. c4 c5 3. d5 b5 4. cxb5 a6 5. b6 d6 6. Nc3 g6 7. Nf3 Bg7 8. e4 0-0 9. Nd2 Nbd7 10. a4 a5 11. Nc4 Nxb6 12. Ne3 Ba6 13. Bxa6 Rxa6 14. 0-0 Nfd7 15. Qe2 Ra8 16. Bd2 Qc8 17. Ra2 Qb7 18. Nb5 Rfc8 19. b3 c4 20. Nxc4 Nxc4 21. bxc4 Nc5 22. Rb1 Qd7 23. h3 h5 24. Ra3 Kh7 25. Bc3 Bxc3 26. Nxc3 Na6 27. Rb5 Qc7 28. Rab3 Nb4 29. c5 dxc5 30. e5 c4 31. Rb1 Rab8 32. Rd1 Nd3 33. d6 exd6 34. Nd5 Qd8 35. e6 fxe6 36. Qxe6 Rxb5 37. axb5 Qf8 38. Ne7 Qe8 39. Qxc8 Qxe7 40. Qxc4 Nb2 41. Qc2 Nxd1 42. Qxd1 Qb7 43. Qb3 d5 44. b6 a4 45. Qxa4 Qxb6 46. Qd7+ Kh6 47. Qxd5 Kh7 48. g3 Qb2 49. Kg2 Kh6 50. Qe4 Kg7 51. Qe7+ Kg8 52. Kf3 Qd4 53. Qe8+ Kg7 54. Qe4 Qc3+ 55. Kg2 Qf6 56. Qb7+ Kh6 57. g4 hxg4 58. hxg4 Qd4 59. Kg3 Qe5+ 60. Kh3 Qc3+ 61. f3 Qd3 62. Qe4 Qf1+ 63. Kg3 Qg1+ 64. Kf4 1-0

[Event "Poltavskaya Rating"]
[Site "Poltavskaya"]
[Date "2010.01.05"]
[Round "4"]
[White "Oganyan, Arsen"]
[Black "Airapetian, Valentin"]
[Result "1-0"]
[WhiteElo "2223"]
[BlackElo "1868"]
[PlyCount "39"]
[EventDate "2010.01.04"]
[EventType "tourn"]
[EventRounds "11"]
[EventCountry "RUS"]
[SourceTitle "EXT 2023"]
[Source "ChessBase"]
[SourceDate "2022.10.05"]
[SourceVersion "1"]
[SourceVersionDate "2022.10.05"]
[SourceQuality "1"]

1. d4 Nf6 2. c4 e6 3. Nf3 c5 4. d5 exd5 5. cxd5 d6 6. Nc3 Be7 7. e4 Nbd7 8. Be2 a6 9. a4 0-0 10. 0-0 Rb8 11. Re1 Re8 12. Bf4 Nh5 13. Be3 Nhf6 14. Nd2 Ne5 15. h3 Bd7 16. a5 Qc8 17. f4 Ng6 18. Nc4 Bxh3 19. Nb6 Qc7 20. gxh3 1-0

[Event "Krasnodar Region-ch"]
[Site "Slaviansk na Kubani"]
[Date "2009.10.17"]
[Round "2"]
[White "Oganyan, Arsen"]
[Black "Bedia, Melor"]
[Result "1/2-1/2"]
[WhiteElo "2209"]
[BlackElo "2342"]
[PlyCount "30"]
[EventDate "2009.10.17"]
[EventType "swiss"]
[EventRounds "9"]
[EventCountry "RUS"]
[SourceTitle "EXT 2013"]
[Source "ChessBase"]
[SourceDate "2012.11.22"]
[SourceVersion "1"]
[SourceVersionDate "2012.11.22"]
[SourceQuality "1"]

1. d4 Nf6 2. c4 c5 3. d5 b5 4. cxb5 e6 5. Nc3 exd5 6. Nxd5 Bb7 7. e4 Nxe4 8. Bc4 Bd6 9. Nf3 0-0 10. 0-0 Kh8 11. Qd3 f5 12. b3 a6 13. b6 Nc6 14. Bb2 Qe8 15. Nc7 Qh5 1/2-1/2

[Event "Krasnodar Region-ch"]
[Site "Slaviansk na Kubani"]
[Date "2009.10.17"]
[Round "1"]
[White "Oganyan, Arsen"]
[Black "Bezulenko, Evgeny"]
[Result "1-0"]
[WhiteElo "2209"]
[BlackElo "1901"]
[PlyCount "73"]
[EventDate "2009.10.17"]
[EventType "swiss"]
[EventRounds "9"]
[EventCountry "RUS"]
[SourceTitle "EXT 2013"]
[Source "ChessBase"]
[SourceDate "2012.11.22"]
[SourceVersion "1"]
[SourceVersionDate "2012.11.22"]
[SourceQuality "1"]

1. d4 g6 2. c4 Bg7 3. Nc3 d6 4. e4 Nd7 5. f3 c5 6. d5 Nb6 7. Bd3 e6 8. Nge2 Qh4+ 9. g3 Qh5 10. 0-0 Ne7 11. Nb5 0-0 12. Nxd6 exd5 13. Nxc8 Raxc8 14. exd5 Rfd8 15. Nf4 Bd4+ 16. Kh1 Qe5 17. Re1 Qf6 18. Nh3 Re8 19. Bg5 Qd6 20. Qc2 Kg7 21. Nf2 f5 22. Re6 Qd7 23. Rae1 Ng8 24. Nh3 Rxe6 25. Rxe6 Nxd5 26. cxd5 Qxd5 27. Bc4 Qxf3+ 28. Qg2 Qxg2+ 29. Kxg2 Bxb2 30. Rd6 Rc7 31. Nf4 Kh8 32. Rd8 Rg7 33. Bh6 a6 34. Bxg7+ Kxg7 35. Rxg8+ Kf6 36. Rf8+ Kg7 37. Rf7+ 1-0

[Event "Krasnodar Region-ch"]
[Site "Slaviansk na Kubani"]
[Date "2009.10.17"]
[Round "9"]
[White "Oganyan, Arsen"]
[Black "Polyakov, Yury"]
[Result "1-0"]
[WhiteElo "2209"]
[BlackElo "2253"]
[PlyCount "87"]
[EventDate "2009.10.17"]
[EventType "swiss"]
[EventRounds "9"]
[EventCountry "RUS"]
[SourceTitle "EXT 2013"]
[Source "ChessBase"]
[SourceDate "2012.11.22"]
[SourceVersion "1"]
[SourceVersionDate "2012.11.22"]
[SourceQuality "1"]

1. d4 Nf6 2. c4 g6 3. Nc3 Bg7 4. e4 0-0 5. f3 c5 6. d5 d6 7. Bg5 h6 8. Bf4 e6 9. Qd2 exd5 10. cxd5 Re8 11. Bb5 Nbd7 12. Bxd6 Qb6 13. Bxd7 Nxd7 14. Bf4 Ne5 15. b3 Qf6 16. Nge2 b6 17. 0-0 Kh7 18. Bg3 Ba6 19. f4 Nd3 20. Rad1 Rad8 21. Rf3 Nb4 22. e5 Qf5 23. a3 Nc6 24. Bf2 Na5 25. Ng3 Qc8 26. Qc2 c4 27. b4 Nb3 28. Nh5 Qf5 29. Qxf5 gxf5 30. Bh4 Rd7 31. Rg3 Bh8 32. Bf6 Rc8 33. Bxh8 Kxh8 34. Nf6 Rdd8 35. d6 Bb7 36. Rh3 Kg7 37. Rg3+ Kh8 38. Re1 Nd4 39. Ree3 Ne6 40. Rh3 Nf8 41. Reg3 Ng6 42. Rxh6+ Kg7 43. Rh7+ Kf8 44. e6 1-0

[Event "Anapa op"]
[Site "Anapa"]
[Date "2009.09.04"]
[Round "5"]
[White "Abramjan, Larisa"]
[Black "Oganyan, Arsen"]
[Result "0-1"]
[WhiteElo "1822"]
[BlackElo "2209"]
[PlyCount "76"]
[EventDate "2009.08.31"]
[EventType "swiss"]
[EventRounds "9"]
[EventCountry "RUS"]
[SourceTitle "CBM 132 Extra"]
[Source "ChessBase"]
[SourceDate "2009.11.03"]
[SourceVersion "1"]
[SourceVersionDate "2009.11.03"]
[SourceQuality "1"]

1. c4 e5 2. e4 Nc6 3. d3 Nf6 4. f4 Bc5 5. Nc3 d6 6. h3 g6 7. g4 h5 8. g5 Nh7 9. Nf3 Nd4 10. Nxd4 Bxd4 11. Qf3 exf4 12. Qxf4 0-0 13. Qg3 f6 14. Be3 Be5 15. Qg2 fxg5 16. Be2 c6 17. Kd2 Be6 18. Raf1 Rxf1 19. Rxf1 Qd7 20. Rf3 Rf8 21. Rxf8+ Kxf8 22. Bxg5 Nxg5 23. Qxg5 Qf7 24. Qh4 Qf4+ 25. Qxf4+ Bxf4+ 26. Ke1 Bxh3 27. Kf2 Kf7 28. d4 Bc1 29. Nd1 Kf6 30. b3 Kg5 31. Kg3 Bd7 32. d5 h4+ 33. Kf2 Kf4 34. Bf3 g5 35. Nc3 Be3+ 36. Ke2 g4 37. Bh1 Bd4 38. Nb1 h3 0-1

[Event "Anapa op"]
[Site "Anapa"]
[Date "2009.09.03"]
[Round "4"]
[White "Oganyan, Arsen"]
[Black "Matsenko, Andrei"]
[Result "1/2-1/2"]
[WhiteElo "2209"]
[BlackElo "1939"]
[PlyCount "60"]
[EventDate "2009.08.31"]
[EventType "swiss"]
[EventRounds "9"]
[EventCountry "RUS"]
[SourceTitle "CBM 132 Extra"]
[Source "ChessBase"]
[SourceDate "2009.11.03"]
[SourceVersion "1"]
[SourceVersionDate "2009.11.03"]
[SourceQuality "1"]

1. d4 d5 2. c4 c6 3. Nf3 Nf6 4. Qc2 e6 5. g3 Nbd7 6. Bg2 Bd6 7. 0-0 0-0 8. Nbd2 Qe7 9. e4 dxe4 10. Nxe4 Nxe4 11. Qxe4 Nf6 12. Qe2 Rd8 13. b3 Bd7 14. Ne5 Rab8 15. Bg5 h6 16. Bf4 Be8 17. Rad1 Nd7 18. Be4 c5 19. Nxd7 Rxd7 20. Bxd6 Qxd6 21. d5 Re7 22. Qf3 b5 23. Rfe1 e5 24. Bd3 g6 25. Qe3 Kh7 26. h4 e4 27. h5 f5 28. hxg6+ Bxg6 29. Be2 bxc4 30. bxc4 Rb2 1/2-1/2

[Event "Anapa op"]
[Site "Anapa"]
[Date "2009.09.02"]
[Round "3"]
[White "Chernyshov, Konstantin"]
[Black "Oganyan, Arsen"]
[Result "1-0"]
[WhiteElo "2555"]
[BlackElo "2209"]
[PlyCount "109"]
[EventDate "2009.08.31"]
[EventType "swiss"]
[EventRounds "9"]
[EventCountry "RUS"]
[SourceTitle "CBM 132 Extra"]
[Source "ChessBase"]
[SourceDate "2009.11.03"]
[SourceVersion "1"]
[SourceVersionDate "2009.11.03"]
[SourceQuality "1"]

1. c4 Nf6 2. Nc3 e5 3. Nf3 Nc6 4. d3 Bb4 5. Bd2 0-0 6. g3 Re8 7. Bg2 d6 8. 0-0 Bg4 9. h3 Be6 10. e4 h6 11. a3 Bxc3 12. Bxc3 a5 13. b3 Qc8 14. Kh2 Nd7 15. Nh4 Nd4 16. f4 f6 17. Rb1 c5 18. a4 Nf8 19. Rb2 Qd8 20. f5 Bf7 21. Bf3 Nxf3+ 22. Nxf3 Nh7 23. g4 Kf8 24. h4 Ke7 25. Rg2 Kd7 26. Bd2 Rh8 27. Rh1 Qe7 28. Kg1 b6 29. Rh3 Rag8 30. Rhg3 Qd8 31. Kf2 Ke7 32. Qg1 Nf8 33. g5 Nd7 34. Ne1 hxg5 35. hxg5 Nb8 36. Nc2 Kd7 37. Ne3 Nc6 38. Nd5 Bxd5 39. cxd5 Ne7 40. Rh2 Rxh2+ 41. Qxh2 Rh8 42. Rh3 Rxh3 43. Qxh3 Qf8 44. Qh4 Kc7 45. Kf3 Kd7 46. Kg4 Qg8 47. Qh5 Qf8 48. Be1 Qe8 49. Qh7 Qg8 50. Qxg8 Nxg8 51. Kh5 Ke7 52. Kg6 fxg5 53. Bd2 g4 54. Kxg7 Nf6 55. Bg5 1-0

[Event "Anapa op"]
[Site "Anapa"]
[Date "2008.08.31"]
[Round "1"]
[White "Oganyan, Arsen"]
[Black "Milashevskaja, Valentina"]
[Result "1-0"]
[WhiteElo "2232"]
[BlackElo "1823"]
[PlyCount "71"]
[EventDate "2008.08.31"]
[EventType "swiss"]
[EventRounds "9"]
[EventCountry "RUS"]
[SourceTitle "EXT 2010"]
[Source "ChessBase"]
[SourceDate "2010.11.25"]
[SourceVersion "1"]
[SourceVersionDate "2010.11.25"]
[SourceQuality "1"]

1. d4 Nf6 2. c4 g6 3. Nc3 Bg7 4. e4 d6 5. f3 0-0 6. Bg5 c5 7. d5 Nbd7 8. Nh3 h6 9. Be3 Ne5 10. Nf2 Ned7 11. Qd2 Kh7 12. Be2 Nb6 13. 0-0 e6 14. dxe6 Bxe6 15. b3 Qe7 16. Rad1 Rad8 17. Nd3 a6 18. Qc1 Nfd7 19. Rfe1 Qf6 20. Nb1 Nb8 21. e5 dxe5 22. Bxc5 N6d7 23. Bxf8 Bxf8 24. Nc3 Nc5 25. Kh1 Rd4 26. Nxc5 Bxc5 27. Rxd4 exd4 28. Ne4 Qe7 29. Nxc5 Qxc5 30. Bd3 Nc6 31. Qd2 Kg7 32. Be4 Qd6 33. Rd1 Qa3 34. Bxc6 bxc6 35. Qxd4+ Kh7 36. Qa1 1-0